000 01026nab a2200241 i 4500
001 179994
003 ES-MaACL
005 20250827063230.0
008 120313s1913 sp 000 0 spa d
100 1 _aCáceres, Zoila Aurora,
_d1877-1958
_eaut
_933338
245 1 0 _aEspaña en la poesía del Perú :
_b[conferencia leída en el Ateneo de Madrid] /
_cpor Aurora Cáceres (Evangelina) ; [presentación de la señora Cáceres al Ateneo por Segismundo Moret].
300 _aPáginas 31-47
594 _5Precede al título: Conferencias del Ateneo de Madrid, 1912
599 _aRetrato de la autora en portada
610 2 4 _aAteneo de Madrid-
_vConferencias-
_y1900-1939
_91907
650 7 _aPoesía peruana-
_yS.XX
_9144034
655 0 _aConferencias
_9234444
700 1 _aMoret, Segismundo,
_d1833-1913
_epres
_9162747
773 0 _tLa Palabra : revista taquigráfica,
_xISSN 2479-7723,
_g1 enero 1913, n. 1, p. 31-47
_02879
_w2879
_92987
942 _cANAB
_2udc
_n0
999 _c179994
_d179994